Gaspar, com os pés bem assentes na lua (Record no. 46122)

MARC details
000 -Etiqueta do registo
Valores 00749nam a2200241 4500
010 ## - Número ISBN
ISBN 9789722132862
021 ## - Número do Depósito Legal
Número 535088/24
100 ## - Dados gerais de processamento
Dados gerais 20241009d2024 c y0pory50030103ba
101 0# - Língua de publicação
Língua por
102 ## - País de publicação
País PT
200 1# - Titulo e menção de responsabilidade
Título próprio Gaspar, com os pés bem assentes na lua
Primeira menção de responsabilidade Rita Taborda Duarte, Sebastião Peixoto
205 ## - Menção da edição
Edição 1.ª ed.
210 #9 - Publicação
Local de publicação Alfragide
Nome do editor Caminho,
Data de publicação 2024
215 ## - Descrição física 
Paginação / Volumes 42, [4] p.
Outras indicações físicas il.
Dimensões 24 cm
675 ## - CDU
Notação 087.5
Edição BN
Língua por
675 ## - CDU
Notação 821.134.3-93"19/20"
Edição BN
Língua por
700 #1 - Autor principal
Apelido Duarte,
Nome Rita Taborda,
Datas 1973-
701 #1 - Autor co-responsavel
Apelido Peixoto,
Nome Sebastião,
Datas 1972-
Função 070
801 #0 - Fonte de origem
País PT
Agência BN
Regras de catalogação RPC
856 41 - Localização e acesso electrónico 
URL <a href="http://rnod.bnportugal.gov.pt/ImagesBN/winlibimg.aspx?skey=&doc=2189569&img=200795&save=true">http://rnod.bnportugal.gov.pt/ImagesBN/winlibimg.aspx?skey=&doc=2189569&img=200795&save=true</a>
990 ## - Elementos KOHA
Tipo de documento Livro
Holdings
Aquisição Empréstimo Código de barras Cota Permissão de empréstimo Tipo de documento
Biblioteca do Centro Escolar de Montoito Biblioteca do Centro Escolar de Montoito 83013 82-93 DUA LIT.INF. JUV.   Livro

Powered by Koha